L'huile dans Castilla-La Mancha / (Record no. 189168)

MARC details
000 -LEADER
campo de control de longitud fija 00929nam a2200241 i 4500
001 - NÚMERO DE CONTROL
campo de control 189168
003 - IDENTIFICADOR DE NÚMERO DE CONTROL
campo de control SpMaBN
005 - FECHA Y HORA DE LA ÚLTIMA TRANSACCIÓN
campo de control 20250605122551.0
008 - DATOS DE LONGITUD FIJA--INFORMACIÓN GENERAL
campo de control de longitud fija 190412s1988 sp ao |||| | fre d
020 ## - NÚMERO INTERNACIONAL ESTÁNDAR DEL LIBRO
Número Internacional Estándar del Libro 84-7788-021-2
080 ## - NÚMERO DE LA CLASIFICACIÓN DECIMAL UNIVERSAL
Número de la Clasificación Decimal Universal 665.327.3(464+467.42)
080 ## - NÚMERO DE LA CLASIFICACIÓN DECIMAL UNIVERSAL
Número de la Clasificación Decimal Universal 634.63(464+467.42)
245 02 - MENCIÓN DEL TÍTULO
Título L'huile dans Castilla-La Mancha /
Mención de responsabilidad, etc. [... réalisé par Lorenzo Díaz ... ( et al.) ; traduction, Elisabeth Gaffory].
260 ## - PUBLICACIÓN, DISTRIBUCIÓN, ETC.
Lugar de publicación, distribución, etc. [Toledo] :
Nombre del editor, distribuidor, etc. Consejería de Agricultura, Junta de Comunidades de Castilla-La Mancha,
Fecha de publicación, distribución, etc. [1988]
300 ## - DESCRIPCIÓN FÍSICA
Extensión 144 p. :
Otras características físicas il. col. y n., fot. ;
Dimensiones 26 cm.
650 #7 - PUNTO DE ACCESO ADICIONAL DE MATERIA--TÉRMINO DE MATERIA
Término de materia o nombre geográfico como elemento de entrada Aceite de oliva-
Subdivisión geográfica Castilla-La Mancha.
9 (RLIN) 166817
650 #7 - PUNTO DE ACCESO ADICIONAL DE MATERIA--TÉRMINO DE MATERIA
Término de materia o nombre geográfico como elemento de entrada Olivicultura.
9 (RLIN) 148202
700 1# - ENTRADA AGREGADA--NOMBRE PERSONAL
Nombre de persona Díaz, Lorenzo,
Fechas asociadas al nombre 1946-
9 (RLIN) 166818
710 1# - ENTRADA AGREGADA--NOMBRE DE ENTIDAD CORPORATIVA
Nombre de entidad corporativa o nombre de jurisdicción como elemento de entrada Castilla-La Mancha.
Unidad subordinada Junta de Comunidades.
9 (RLIN) 2495
852 ## - LOCALIZACIÓN
Ubicación ES-MaACL
Número de control de estantería A-14460
itemnumber 196306
Sublocalización o colección R.152026
Ubicación en estantería Depósito 1
Signatura antigua Olim: N-7460
942 ## - ELEMENTOS DE ENTRADA SECUNDARIOS (KOHA)
Fuente del sistema de clasificación o colocación Clasificación decimal universal
Tipo de ítem Koha Libro impreso
Holdings
Estatus retirado Estado de pérdida Fuente del sistema de clasificación o colocación Estado de daño No para préstamo Biblioteca de origen Biblioteca actual Ubicación en estantería Fecha de adquisición Fuente de adquisición Total de préstamos Signatura topográfica completa Código de barras Visto por última vez Precio de reemplazo Tipo de ítem Koha
    Clasificación decimal universal     Biblioteca del Ateneo de Madrid Biblioteca del Ateneo de Madrid Depósito 1 12/04/2019 Donación   A-14460 1200352 23/02/2023 23/02/2023 Libro impreso